000
00329nam a2200133Ia 4500
008
240624s9999 xx 000 0 und d
041
_a
eng
082
_a
658.8342 SCH
100
_a
SCHIFFMAN LEON G
245
_a
CONSUMER BEHAVIOR
250
_a
(9th ed.)
260
_c
2007
_a
New Delhi
_b
Pearson Education
300
_a
581p. ; 25cm.
999
_c
4831
_d
4831